[Event "chess.com Speed 1m+1spm 2017"]
[Site "chess.com INT"]
[Date "2017.08.23"]
[Round "1.21"]
[White "Nepomniachtchi, Ian"]
[Black "Aronian, Levon"]
[Result "0-1"]
[WhiteTitle "GM"]
[BlackTitle "GM"]
[WhiteElo "2751"]
[BlackElo "2789"]
[WhiteFideId "4168119"]
[BlackFideId "13300474"]
[EventDate "2017.05.03"]

1. e4 e5 2. Nf3 Nc6 3. Bb5 a6 4. Ba4 Nf6 5. d3 Bc5 6. O-O d6 7. Nc3 h6 8. Ne2
O-O 9. Ng3 b5 10. Bb3 Na5 11. c3 Nxb3 12. axb3 Bb6 13. h3 Be6 14. Re1 Re8 15.
Be3 Bxe3 16. Rxe3 c5 17. Re1 Nh7 18. d4 cxd4 19. cxd4 Ng5 20. d5 Bd7 21. b4
Nxf3+ 22. Qxf3 a5 23. Nh5 a4 24. Rac1 Ra7 25. Rc3 Qg5 26. Rec1 f5 27. Rc7 fxe4
28. Qg3 Rxc7 29. Rxc7 Re7 30. Qxg5 hxg5 31. Ng3 Kf8 32. Rb7 Be8 33. Rb8 Rc7 34.
Nxe4 Ke7 35. Nxg5 Rc1+ 36. Kh2 Rc2 37. Rb7+ Bd7 38. Ne4 Rxb2 39. Nc5 dxc5 40.
bxc5 Kd8 41. c6 Bc8 42. Rxg7 Rd2 43. c7+ Ke8 44. Rg8+ Kd7 45. Rg7+ Kd6 46. h4
Rxd5 47. h5 e4 48. g4 Bxg4 49. Rxg4 Rxh5+ 50. Kg3 Kxc7 51. Rxe4 Kb6 52. Kg4 Rc5
53. f4 Ka5 54. f5 a3 55. f6 a2 56. Re8 Kb4 57. Ra8 Rc2 58. f7 Rf2 59. Rxa2 Rxf7
60. Ra1 Kc4 61. Rc1+ Kd3 62. Rb1 Rb7 63. Kf3 b4 64. Rd1+ Kc2 65. Rd6 b3 66. Rc6+
Kd3 67. Rd6+ Kc4 68. Rc6+ Kb5 69. Rc1 b2 70. Rb1 Kc4 71. Ke3 Kb3 0-1

[Event "chess.com Speed 1m+1spm 2017"]
[Site "chess.com INT"]
[Date "2017.08.23"]
[Round "1.22"]
[White "Aronian, Levon"]
[Black "Nepomniachtchi, Ian"]
[Result "0-1"]
[WhiteTitle "GM"]
[BlackTitle "GM"]
[WhiteElo "2789"]
[BlackElo "2751"]
[WhiteFideId "13300474"]
[BlackFideId "4168119"]
[EventDate "2017.05.03"]

1. d4 Nf6 2. Bf4 g6 3. Nc3 Bg7 4. e4 O-O 5. Nf3 c6 6. e5 Nd5 7. Nxd5 cxd5 8. Be2
Nc6 9. O-O f6 10. Bg3 Qb6 11. c4 dxc4 12. Bxc4+ Kh8 13. Bb3 Na5 14. Re1 Nxb3 15.
axb3 d6 16. e6 d5 17. Qe2 a5 18. Rac1 Ra6 19. Rc7 Re8 20. h4 Qb4 21. h5 Bxe6 22.
hxg6 hxg6 23. Nh4 Bf7 24. Rxe7 Rxe7 25. Qxe7 Qxe7 26. Rxe7 Kg8 27. Rxb7 Rc6 28.
Rb5 Rc2 29. Rxa5 Rxb2 30. Rb5 Bf8 31. Rb8 Kg7 32. Nf3 g5 33. Kh2 Bg6 34. Rb7+
Kg8 35. Ng1 Be4 36. f3 Bd3 37. Nh3 Bf1 38. Nf2 f5 39. Kg1 Rb1 40. Rc7 f4 41. Ng4
Bd3+ 42. Kf2 Rf1# 0-1

[Event "chess.com Speed 1m+1spm 2017"]
[Site "chess.com INT"]
[Date "2017.08.23"]
[Round "1.23"]
[White "Nepomniachtchi, Ian"]
[Black "Aronian, Levon"]
[Result "0-1"]
[WhiteTitle "GM"]
[BlackTitle "GM"]
[WhiteElo "2751"]
[BlackElo "2789"]
[WhiteFideId "4168119"]
[BlackFideId "13300474"]
[EventDate "2017.05.03"]

1. Nf3 Nf6 2. c4 g6 3. Nc3 Bg7 4. g3 O-O 5. Bg2 Nc6 6. O-O a6 7. Rb1 Rb8 8. b4
b5 9. cxb5 axb5 10. a4 Na7 11. d3 Ne8 12. Qc2 bxa4 13. Be3 Nb5 14. Nxb5 Rxb5 15.
Nd4 Rb8 16. Qxa4 Bb7 17. Bxb7 Rxb7 18. Rfc1 Nd6 19. Nb3 c6 20. Na5 Rb5 21. Nc4
Nf5 22. Bd2 Nd4 23. Qd1 Qb8 24. e3 Ne6 25. Qe2 Rc8 26. Be1 Nc7 27. Na3 Rb7 28.
Nc4 Nd5 29. Qg4 f5 30. Qd1 e6 31. Na5 Rb5 32. Qa4 Bf8 33. Nc4 Nxb4 34. Bxb4 Bxb4
35. d4 Be7 36. Qc2 Bf6 37. Ra1 c5 38. Nd2 Rc6 39. Qd3 cxd4 40. Rxc6 dxc6 41.
exd4 Rd5 42. Nf3 c5 43. Qe2 Qc8 44. Ra6 cxd4 45. Rxe6 d3 46. Re8+ Kf7 47. Rxc8
dxe2 48. Rc7+ Be7 49. Kg2 Rd1 50. Ng5+ Ke8 51. Nf3 e1=Q 52. Nxe1 Rxe1 53. h4 Kf7
54. Rc8 Re6 55. Ra8 h5 56. Ra7 Kf6 57. Kf3 Rc6 58. Ra8 Bc5 59. Ra4 Bb6 60. Ra6
Rd6 61. Ke2 Bc5 62. Ra5 Rc6 63. Kf3 Bd4 64. Ra4 Rc3+ 65. Kg2 Rd3 66. Ra6+ Kf7
67. Ra7+ Bxa7 0-1

[Event "chess.com Speed 1m+1spm 2017"]
[Site "chess.com INT"]
[Date "2017.08.23"]
[Round "1.24"]
[White "Aronian, Levon"]
[Black "Nepomniachtchi, Ian"]
[Result "1/2-1/2"]
[WhiteTitle "GM"]
[BlackTitle "GM"]
[WhiteElo "2789"]
[BlackElo "2751"]
[WhiteFideId "13300474"]
[BlackFideId "4168119"]
[EventDate "2017.05.03"]

1. d4 f5 2. Nc3 Nf6 3. Bg5 d5 4. e3 Be6 5. Nf3 c6 6. Bd3 Nbd7 7. Ne2 g6 8. O-O
Bg7 9. Rc1 Ne4 10. c4 h6 11. Bf4 g5 12. cxd5 Bxd5 13. Bg3 O-O 14. Nd2 Nxd2 15.
Qxd2 Bxa2 16. b3 Bxb3 17. Qb4 Bd5 18. Qxb7 e5 19. dxe5 Nxe5 20. Bxe5 Bxe5 21.
Bc4 Rf7 22. Bxd5 cxd5 23. Qc6 Rb8 24. Rfd1 Qd6 25. Qxd5 Bxh2+ 26. Kf1 Qxd5 27.
Rxd5 Bc7 28. Nd4 f4 29. Nf5 Kh7 30. e4 Rb6 31. Ke2 Re6 32. f3 g4 33. fxg4 Rxe4+
34. Kf3 Re6 35. g5 Bb6 36. Rh1 Rg6 37. Nxh6 Rc7 38. Ng4+ Kg7 39. Nf6 Rc3+ 40.
Kg4 Rg3+ 41. Kxf4 Bc7+ 42. Ke4 R6xg5 43. Nh5+ Kg6 44. Nxg3 Rg4+ 45. Ke3 Rxg3+
46. Kf2 Rc3 47. Rhd1 Bb6+ 48. Kf1 Kf6 49. R5d3 Rc4 50. R1d2 a5 51. g3 a4 52. Re2
Bc5 53. Rf3+ Kg7 54. Kg2 a3 55. Rf4 Rxf4 56. gxf4 Bd4 57. Re6 a2 58. Ra6 a1=Q
59. Rxa1 Bxa1 60. Kf3 Kf6 1/2-1/2

[Event "chess.com Speed 1m+1spm 2017"]
[Site "chess.com INT"]
[Date "2017.08.23"]
[Round "1.25"]
[White "Nepomniachtchi, Ian"]
[Black "Aronian, Levon"]
[Result "1-0"]
[WhiteTitle "GM"]
[BlackTitle "GM"]
[WhiteElo "2751"]
[BlackElo "2789"]
[WhiteFideId "4168119"]
[BlackFideId "13300474"]
[EventDate "2017.05.03"]

1. e4 e5 2. Nf3 Nc6 3. d4 exd4 4. Nxd4 Nf6 5. Nxc6 bxc6 6. Bd3 d6 7. Nc3 Be7 8.
h3 O-O 9. O-O Nd7 10. b3 Bf6 11. Bb2 Bd4 12. Na4 Bxb2 13. Nxb2 a5 14. a4 Nc5 15.
Qd2 Re8 16. Rae1 Qf6 17. Nc4 Nxd3 18. cxd3 Qd4 19. Nxa5 Qb6 20. b4 c5 21. Rb1
cxb4 22. Nc4 Qc6 23. a5 Be6 24. Rxb4 d5 25. exd5 Bxd5 26. Rc1 Qg6 27. Ne3 Rxa5
28. Rg4 Qb6 29. Nf5 g6 30. Qc3 f6 31. Ne3 Be6 32. Rb4 Qd6 33. Rd4 Qe5 34. Nc4
Bxc4 35. Qxc4+ Qe6 36. Qxc7 Re7 37. Qd8+ 1-0

[Event "chess.com Speed 1m+1spm 2017"]
[Site "chess.com INT"]
[Date "2017.08.23"]
[Round "1.26"]
[White "Aronian, Levon"]
[Black "Nepomniachtchi, Ian"]
[Result "0-1"]
[WhiteTitle "GM"]
[BlackTitle "GM"]
[WhiteElo "2789"]
[BlackElo "2751"]
[WhiteFideId "13300474"]
[BlackFideId "4168119"]
[EventDate "2017.05.03"]

1. d4 e6 2. e4 d5 3. e5 c5 4. Qg4 Ne7 5. Nf3 cxd4 6. Bd3 Nec6 7. O-O Nd7 8. Re1
Nc5 9. a3 a5 10. Bf4 Qb6 11. Nbd2 Bd7 12. Rab1 Nxd3 13. cxd3 Qb5 14. Rbd1 h6 15.
Bg3 Qxb2 16. h4 Qxa3 17. h5 a4 18. Rb1 Qxd3 19. Rxb7 Qf5 20. Qh4 Be7 21. Qh2 a3
22. Bh4 a2 23. Ra1 Bb4 24. Qg3 O-O 25. Rxd7 Qxh5 26. Rc7 Ra6 27. Bf6 g6 28. Qf4
Bc3 29. Nb3 Bxa1 30. Nxa1 g5 31. Qd2 Qg6 32. Kh2 Qh5+ 33. Kg1 Qg6 34. Kh2 Qh5+
35. Kg3 Qg6 36. Nxd4 Nxd4 37. Qxd4 Ra3+ 38. f3 g4 39. Kf2 gxf3 40. gxf3 Qf5 41.
Qd1 Kh7 42. Be7 Rg8 43. Bxa3 Qf4 44. Qc1 Qh2+ 45. Ke3 Qxe5+ 46. Kd3 Qf5+ 47. Kc3
Rg2 48. Kb4 Qxf3 49. Nb3 a1=R 50. Nxa1 d4 0-1

[Event "chess.com Speed 5m+2spm 2017"]
[Site "chess.com INT"]
[Date "2017.08.24"]
[Round "1.1"]
[White "Caruana, Fabiano"]
[Black "Hou, Yifan"]
[Result "1-0"]
[WhiteTitle "GM"]
[BlackTitle "GM"]
[WhiteElo "2802"]
[BlackElo "2652"]
[WhiteFideId "2020009"]
[BlackFideId "8602980"]
[EventDate "2017.05.03"]

1. e4 e5 2. Nf3 Nc6 3. Bb5 Nf6 4. d3 Bc5 5. Bxc6 dxc6 6. h3 Bd6 7. Be3 O-O 8.
Nc3 Nd7 9. O-O Re8 10. a4 a5 11. Nd2 b6 12. Nc4 Ba6 13. Nxd6 cxd6 14. f4 f6 15.
Qg4 Nf8 16. Qg3 Ra7 17. Rf3 Rf7 18. Raf1 Ne6 19. Qf2 Rb7 20. Rg3 Kh8 21. Rg4
exf4 22. Bxf4 Nxf4 23. Rxf4 Rf7 24. Ne2 Bc8 25. Ng3 Re5 26. c4 c5 27. b3 Kg8 28.
Ne2 Be6 29. g4 Rf8 30. Qg3 Bf7 31. Kh2 Rfe8 32. Ng1 h6 33. h4 Qd7 34. Nf3 Rd8
35. g5 hxg5 36. hxg5 fxg5 37. Nxg5 Bg6 38. Kg2 Qe7 39. Nf3 Re6 40. Rh1 Rf8 41.
Rfh4 Ref6 42. e5 dxe5 43. Rh8+ Kf7 44. Nxe5+ Ke8 45. Rxf8+ Qxf8 46. Nxg6 Qd6 47.
Re1+ Kd8 48. Qxd6+ Rxd6 49. Nf4 Rd4 50. Re4 1-0

[Event "chess.com Speed 5m+2spm 2017"]
[Site "chess.com INT"]
[Date "2017.08.24"]
[Round "1.2"]
[White "Hou, Yifan"]
[Black "Caruana, Fabiano"]
[Result "0-1"]
[WhiteTitle "GM"]
[BlackTitle "GM"]
[WhiteElo "2652"]
[BlackElo "2802"]
[WhiteFideId "8602980"]
[BlackFideId "2020009"]
[EventDate "2017.05.03"]

1. e4 e5 2. Nf3 Nc6 3. Bb5 Nf6 4. d3 Bc5 5. c3 O-O 6. O-O d6 7. h3 Ne7 8. Ba4
Ng6 9. Re1 c6 10. Nbd2 Re8 11. d4 exd4 12. cxd4 Bb4 13. Bc2 c5 14. a3 Ba5 15. b4
cxb4 16. Nb3 Bb6 17. axb4 d5 18. e5 Ne4 19. Nc5 Bxc5 20. bxc5 Bf5 21. Ra3 b6 22.
g4 Be6 23. cxb6 Qxb6 24. Rb3 Qd8 25. Nd2 Rc8 26. Nxe4 dxe4 27. Ra3 Bd5 28. Rxa7
Rc3 29. Re3 Rxe3 30. Bxe3 Nh4 31. Ba4 Nf3+ 32. Kg2 Rf8 33. Bb3 h5 34. Bxd5 Qxd5
35. Qb1 hxg4 36. hxg4 Qc6 37. Qb7 Qg6 38. Qd7 Qh7 39. Bf4 Ne1+ 40. Kf1 Qh1+ 41.
Ke2 Nd3 0-1

[Event "chess.com Speed 5m+2spm 2017"]
[Site "chess.com INT"]
[Date "2017.08.24"]
[Round "1.3"]
[White "Caruana, Fabiano"]
[Black "Hou, Yifan"]
[Result "0-1"]
[WhiteTitle "GM"]
[BlackTitle "GM"]
[WhiteElo "2802"]
[BlackElo "2652"]
[WhiteFideId "2020009"]
[BlackFideId "8602980"]
[EventDate "2017.05.03"]

1. d4 Nf6 2. Bf4 b6 3. c4 e6 4. Nc3 Bb4 5. Qb3 a5 6. a3 Bxc3+ 7. Qxc3 d6 8. f3
Nh5 9. Be3 f5 10. Nh3 O-O 11. g3 a4 12. Bg2 Bb7 13. O-O-O Qe8 14. Nf4 Nxf4 15.
Bxf4 Nc6 16. d5 Na5 17. Kb1 Ba6 18. dxe6 Bxc4 19. e4 fxe4 20. Bh3 exf3 21. Qc2
Qh5 22. e7 Rfe8 23. Bf5 Rxe7 24. g4 Qh3 25. Rhe1 Re2 26. Qxa4 Rf8 27. Qd7 Rxe1
28. Rxe1 f2 29. Be6+ Kh8 30. Rc1 Bxe6 31. Qxe6 f1=Q 0-1

[Event "chess.com Speed 5m+2spm 2017"]
[Site "chess.com INT"]
[Date "2017.08.24"]
[Round "1.4"]
[White "Hou, Yifan"]
[Black "Caruana, Fabiano"]
[Result "0-1"]
[WhiteTitle "GM"]
[BlackTitle "GM"]
[WhiteElo "2652"]
[BlackElo "2802"]
[WhiteFideId "8602980"]
[BlackFideId "2020009"]
[EventDate "2017.05.03"]

1. e4 e6 2. d4 d5 3. Nc3 Nf6 4. e5 Nfd7 5. f4 c5 6. Nf3 Nc6 7. Be3 Be7 8. Qd2 a6
9. g3 b5 10. Ne2 b4 11. Bh3 a5 12. O-O O-O 13. c3 Nb6 14. b3 bxc3 15. Nxc3 Ba6
16. Rf2 cxd4 17. Nxd4 Nxd4 18. Bxd4 Rc8 19. Qe3 Rc6 20. Rd1 Nd7 21. f5 Bg5 22.
Qe1 Qc7 23. Bg2 Kh8 24. h4 Be7 25. Qe3 Bc5 26. Bxc5 Rxc5 27. Na4 Rc6 28. Re1 Bb5
29. Qf4 Qd8 30. Qd4 Qe7 31. Nc3 Ba6 32. fxe6 fxe6 33. Rxf8+ Qxf8 34. Ne2 Bxe2
35. Rxe2 Qb4 36. Qf2 Qc5 37. Bh3 Qxf2+ 38. Kxf2 Kg8 39. Ke3 Kf7 40. Kd4 Ke7 41.
Rb2 Rc1 42. Re2 Nb8 43. Kd3 Nc6 44. Kd2 Rg1 45. Bg2 Nd4 46. Rf2 Ra1 47. Kc3 Nf5
48. g4 Nxh4 49. Kd4 Re1 50. a3 Nxg2 51. Rxg2 Re4+ 52. Kc5 Rxe5 53. b4 axb4 54.
axb4 Re4 55. b5 Rc4+ 56. Kb6 d4 57. Ka7 e5 58. b6 Kd6 59. b7 Ra4+ 60. Kb6 Rb4+
61. Ka7 e4 62. b8=Q+ Rxb8 63. Kxb8 d3 64. Rd2 Ke5 65. Kc7 Kd4 66. Kd6 e3 67. Rh2
e2 0-1

[Event "chess.com Speed 5m+2spm 2017"]
[Site "chess.com INT"]
[Date "2017.08.24"]
[Round "1.5"]
[White "Caruana, Fabiano"]
[Black "Hou, Yifan"]
[Result "1-0"]
[WhiteTitle "GM"]
[BlackTitle "GM"]
[WhiteElo "2802"]
[BlackElo "2652"]
[WhiteFideId "2020009"]
[BlackFideId "8602980"]
[EventDate "2017.05.03"]

1. c4 e6 2. Nc3 Bb4 3. Qb3 a5 4. a3 Bxc3 5. Qxc3 Qf6 6. d4 Nc6 7. Nf3 a4 8. e4
d6 9. Bd3 e5 10. d5 Na5 11. Bc2 Bd7 12. c5 Ne7 13. O-O h6 14. Be3 O-O 15. Qb4
Qg6 16. Rac1 Bh3 17. Ne1 f5 18. cxd6 cxd6 19. Bb6 Nb3 20. Bxb3 axb3 21. Qxb3 Bg4
22. f3 Bh5 23. Rc7 Rf7 24. exf5 Nxf5 25. Rxf7 Qxf7 26. g4 Qg6 27. Ng2 Rf8 28.
gxh5 Qg5 29. Qb4 Qxh5 30. Qg4 Qe8 31. Ne3 Nxe3 32. Bxe3 Rf6 33. Kh1 Rg6 34. Qe4
Rf6 35. Rg1 Qb5 36. Qg4 Rf7 37. Bxh6 Qxd5 38. Bxg7 Qxf3+ 39. Qxf3 Rxf3 40. Bxe5+ 1-0

[Event "chess.com Speed 5m+2spm 2017"]
[Site "chess.com INT"]
[Date "2017.08.24"]
[Round "1.6"]
[White "Hou, Yifan"]
[Black "Caruana, Fabiano"]
[Result "1-0"]
[WhiteTitle "GM"]
[BlackTitle "GM"]
[WhiteElo "2652"]
[BlackElo "2802"]
[WhiteFideId "8602980"]
[BlackFideId "2020009"]
[EventDate "2017.05.03"]

1. e4 c5 2. Nf3 e6 3. d4 cxd4 4. Nxd4 a6 5. Bd3 Nf6 6. O-O Qc7 7. Qe2 d6 8. c4
g6 9. Nc3 Bg7 10. Nf3 Nc6 11. Rd1 O-O 12. Bc2 Nd7 13. Bf4 Nde5 14. Rac1 b6 15.
Bb3 Qe7 16. Be3 Rb8 17. Nxe5 dxe5 18. f3 Nd4 19. Qf2 f5 20. exf5 gxf5 21. Ne2
Nxb3 22. axb3 Qb4 23. Rc3 f4 24. Bd2 Bb7 25. Rd3 Qc5 26. Nc3 Rbd8 27. Be1 Rd4
28. Na4 Qd6 29. Qe2 Rd8 30. R3d2 Qe7 31. Bf2 Rxd2 32. Rxd2 Rxd2 33. Qxd2 e4 34.
fxe4 Be5 35. Nxb6 Bxe4 36. Qe2 Qb7 37. Qg4+ Kh8 38. Qxe6 Bxb2 39. Qd6 h5 40.
Qxf4 Kh7 41. Be3 Qc6 42. Nd5 Bxd5 43. Qf5+ Qg6 44. Qxg6+ Kxg6 45. cxd5 Kf5 46.
d6 Ke6 47. Bc5 Bf6 48. Kf2 Kd5 49. Ba3 Kc6 50. Kf3 Be5 51. g3 Kd7 52. h3 Ke6 53.
g4 hxg4+ 54. hxg4 Bf6 55. Ke4 Bg5 56. Bc5 Bh6 57. Kd4 Bf4 58. Kc3 Bg5 59. Kb4
Kd5 60. d7 Kc6 61. Be3 Bd8 62. g5 Kxd7 63. g6 Ke6 64. Bd4 Bc7 65. Kc5 Bd8 66.
Kc6 a5 67. Kb5 Bc7 68. Bc3 Ke7 69. Bxa5 Be5 70. Kc4 Kf8 71. Bc3 1-0

[Event "chess.com Speed 5m+2spm 2017"]
[Site "chess.com INT"]
[Date "2017.08.24"]
[Round "1.7"]
[White "Caruana, Fabiano"]
[Black "Hou, Yifan"]
[Result "0-1"]
[WhiteTitle "GM"]
[BlackTitle "GM"]
[WhiteElo "2802"]
[BlackElo "2652"]
[WhiteFideId "2020009"]
[BlackFideId "8602980"]
[EventDate "2017.05.03"]

1. Nf3 Nf6 2. g3 d5 3. Bg2 e6 4. O-O Be7 5. b3 O-O 6. Bb2 b6 7. c4 Bb7 8. cxd5
Nxd5 9. d4 c5 10. dxc5 Bxc5 11. Ne5 Nd7 12. Nd2 Nxe5 13. Bxe5 Ne3 14. Bxb7 Nxd1
15. Raxd1 f6 16. Ne4 Qe7 17. Bxa8 Rxa8 18. Nxc5 Qxc5 19. Bf4 h5 20. h4 Qb5 21.
Rd2 Rc8 22. Rfd1 Kh7 23. Be3 Rc7 24. Kf1 Qf5 25. Kg1 Qg4 26. Kg2 Qe4+ 27. Kg1 e5
28. Kh2 f5 29. Bg5 f4 30. gxf4 exf4 31. Kg1 Rc2 32. Rxc2 Qxc2 33. Rd7 Qxe2 34.
Rxa7 Qe1+ 35. Kg2 Qe4+ 36. Kg1 f3 37. Be3 Qxh4 0-1

[Event "chess.com Speed 3m+2spm 2017"]
[Site "chess.com INT"]
[Date "2017.08.24"]
[Round "1.9"]
[White "Caruana, Fabiano"]
[Black "Hou, Yifan"]
[Result "1-0"]
[WhiteTitle "GM"]
[BlackTitle "GM"]
[WhiteElo "2802"]
[BlackElo "2652"]
[WhiteFideId "2020009"]
[BlackFideId "8602980"]
[EventDate "2017.05.03"]

1. e4 c5 2. Nf3 d6 3. d4 cxd4 4. Nxd4 Nf6 5. Nc3 e6 6. Be3 a6 7. f3 b5 8. Qd2
Nbd7 9. g4 h6 10. O-O-O b4 11. Na4 Ne5 12. Kb1 Bd7 13. b3 Bxa4 14. bxa4 Qc7 15.
Be2 Be7 16. h4 Nc4 17. Bxc4 Qxc4 18. Qd3 Qc7 19. g5 Nd7 20. g6 Ne5 21. gxf7+
Kxf7 22. Qb3 Nc4 23. f4 Rhc8 24. e5 dxe5 25. fxe5 Qxe5 26. Rhe1 Qd5 27. Bc1 Bf6
28. Nxe6 Na3+ 29. Bxa3 Qxb3+ 30. axb3 bxa3 31. Rd7+ Kg6 32. Rg1+ Kh5 33. Nxg7+
Bxg7 34. Rdxg7 Rc6 35. R7g2 Re8 36. Ka2 Re4 37. Kxa3 Rxh4 38. Rd2 Rh3 39. Kb4
Kh4 40. Ka5 Rhc3 41. Rh2+ Rh3 42. Rxh3+ Kxh3 43. c4 h5 44. Rg5 h4 45. c5 Kh2 46.
b4 h3 47. b5 axb5 48. axb5 Rh6 49. c6 1-0

[Event "chess.com Speed 3m+2spm 2017"]
[Site "chess.com INT"]
[Date "2017.08.24"]
[Round "1.10"]
[White "Hou, Yifan"]
[Black "Caruana, Fabiano"]
[Result "0-1"]
[WhiteTitle "GM"]
[BlackTitle "GM"]
[WhiteElo "2652"]
[BlackElo "2802"]
[WhiteFideId "8602980"]
[BlackFideId "2020009"]
[EventDate "2017.05.03"]

1. e4 e6 2. d4 d5 3. Nc3 Nf6 4. Bg5 dxe4 5. Nxe4 Be7 6. Bxf6 gxf6 7. Nf3 f5 8.
Nc3 a6 9. Qe2 b5 10. O-O-O b4 11. Na4 Qd5 12. Kb1 Bd7 13. Nc5 Bb5 14. Qe5 Qxe5
15. Nxe5 Bd6 16. g3 Bxe5 17. dxe5 Bc6 18. Rg1 Bf3 19. Rd3 Bd5 20. Bg2 c6 21. c4
bxc3 22. bxc3 Ra7 23. Rgd1 Ke7 24. Bf1 Nd7 25. Nxd7 Rxd7 26. Kc1 Rb7 27. Rd4
Rhb8 28. Bd3 Rb2 29. c4 Bf3 30. Rd2 Rxd2 31. Kxd2 c5 32. Rd6 f6 33. Rxa6 fxe5
34. Ke3 e4 35. Be2 Bxe2 36. Kxe2 Rb4 37. Ra7+ Kf6 38. Rxh7 Rxc4 39. Rc7 Rc2+ 40.
Ke3 Ke5 41. a4 Kd6 42. Rc8 Ra2 43. Ra8 c4 44. a5 c3 45. Rc8 Ra3 46. h4 Ke5 47.
Rc5+ Kf6 48. a6 c2+ 49. Kd2 Rxa6 50. Rxc2 e5 51. Ke2 f4 52. gxf4 exf4 53. Rc5
Ra2+ 54. Kf1 f3 55. Kg1 Ra1+ 56. Kh2 e3 57. Rc3 e2 58. Rxf3+ Kg7 0-1

[Event "chess.com Speed 3m+2spm 2017"]
[Site "chess.com INT"]
[Date "2017.08.24"]
[Round "1.11"]
[White "Caruana, Fabiano"]
[Black "Hou, Yifan"]
[Result "0-1"]
[WhiteTitle "GM"]
[BlackTitle "GM"]
[WhiteElo "2802"]
[BlackElo "2652"]
[WhiteFideId "2020009"]
[BlackFideId "8602980"]
[EventDate "2017.05.03"]

1. e4 c5 2. Nc3 g6 3. d4 cxd4 4. Qxd4 Nf6 5. e5 Nc6 6. Qf4 Nh5 7. Qe4 d6 8. Bb5
dxe5 9. Nf3 Bd7 10. Bg5 h6 11. Bh4 Nf6 12. Bxf6 exf6 13. O-O-O Be7 14. Nd5 a6
15. Bc4 Qa5 16. Nxe7 Kxe7 17. Bxf7 Bf5 18. Qc4 Rac8 19. Qd5 Qxd5 20. Bxd5 Nb4
21. c3 Nd3+ 22. Rxd3 Bxd3 23. Bxb7 Rc7 24. Bd5 Rd8 25. Bb3 g5 26. Re1 g4 27. Nd2
h5 28. Bc2 Rcd7 29. Bxd3 Rxd3 30. Nc4 Ke6 31. Kc2 h4 32. a4 g3 33. hxg3 hxg3 34.
f4 R3d5 35. fxe5 fxe5 36. Re3 Rg8 37. b4 Rg4 38. Kb3 Kf5 39. Rf3+ Rf4 40. Ne3+
Ke4 41. Rxg3 Rd3 42. b5 axb5 43. axb5 Rxe3 44. Rxe3+ Kxe3 45. c4 Kd4 46. Kb4 Rf1 0-1

[Event "chess.com Speed 3m+2spm 2017"]
[Site "chess.com INT"]
[Date "2017.08.24"]
[Round "1.12"]
[White "Hou, Yifan"]
[Black "Caruana, Fabiano"]
[Result "1/2-1/2"]
[WhiteTitle "GM"]
[BlackTitle "GM"]
[WhiteElo "2652"]
[BlackElo "2802"]
[WhiteFideId "8602980"]
[BlackFideId "2020009"]
[EventDate "2017.05.03"]

1. e4 e6 2. d4 d5 3. Nc3 Nf6 4. e5 Nfd7 5. f4 c5 6. Nf3 Nc6 7. Be3 Be7 8. Qd2 a6
9. Be2 b5 10. a3 O-O 11. Nd1 b4 12. axb4 Nxb4 13. c3 Nc6 14. O-O Na5 15. Qe1 Nc4
16. b3 Nxe3 17. Nxe3 Rb8 18. Bxa6 Rxb3 19. f5 Qb6 20. Bxc8 Rxc8 21. Rb1 Rxb1 22.
Qxb1 h6 23. fxe6 fxe6 24. Qg6 Nf8 25. Qg4 Qb3 26. Nd1 cxd4 27. Nxd4 Bc5 28. Qf4
Bxd4+ 29. cxd4 Qd3 30. Nf2 Qg6 31. h3 Nh7 32. h4 Rf8 33. Qe3 Qf5 34. Qe2 Qf4 35.
Qg4 Rf5 36. g3 Qe3 37. Kg2 Nf8 38. Nd1 Qd2+ 39. Rf2 Qd3 40. h5 Kf7 41. Nb2 Rxf2+
42. Kxf2 Qd2+ 43. Qe2 Qxd4+ 44. Kg2 Nd7 45. Nd3 Kg8 46. Nf4 Nc5 47. Ng6 Qe4+ 48.
Qxe4 Nxe4 49. Kf3 Kf7 50. Nf4 Ke7 51. Ne2 Kd7 52. Nd4 Ng5+ 53. Kf4 Nf7 54. g4
Nd8 55. Nf3 Nc6 56. g5 Ke7 57. gxh6 gxh6 58. Nh2 Kf7 59. Ng4 Kg7 60. Ne3 Ne7 61.
Kg4 Kf7 62. Kf4 Kf8 63. Kg4 Kg7 64. Kf4 Kf7 65. Kg4 d4 66. Ng2 Nf5 67. Nf4 Ke7
68. Kf3 Kd7 69. Ke4 Ke7 70. Kd3 Kf7 71. Ke4 Ke7 72. Kd3 1/2-1/2

[Event "chess.com Speed 3m+2spm 2017"]
[Site "chess.com INT"]
[Date "2017.08.24"]
[Round "1.13"]
[White "Caruana, Fabiano"]
[Black "Hou, Yifan"]
[Result "1-0"]
[WhiteTitle "GM"]
[BlackTitle "GM"]
[WhiteElo "2802"]
[BlackElo "2652"]
[WhiteFideId "2020009"]
[BlackFideId "8602980"]
[EventDate "2017.05.03"]

1. e4 c5 2. Nf3 a6 3. c3 e6 4. d4 d5 5. e5 Bd7 6. Be3 Qb6 7. Qb3 Qxb3 8. axb3
cxd4 9. Nxd4 Ne7 10. Nd2 Nec6 11. Nb5 Kd8 12. Bb6+ Kc8 13. Nf3 Be7 14. b4 f6 15.
exf6 gxf6 16. Be2 Rg8 17. O-O Rg4 18. h3 Rg7 19. Rfe1 Bf8 20. Bf1 Nxb4 21. cxb4
Bxb4 22. Rec1+ Nc6 23. Nc7 Rb8 24. Nd4 e5 25. Nxc6 Bxc6 26. Nxd5 Bd2 27. Rc2 1-0

[Event "chess.com Speed 3m+2spm 2017"]
[Site "chess.com INT"]
[Date "2017.08.24"]
[Round "1.14"]
[White "Hou, Yifan"]
[Black "Caruana, Fabiano"]
[Result "0-1"]
[WhiteTitle "GM"]
[BlackTitle "GM"]
[WhiteElo "2652"]
[BlackElo "2802"]
[WhiteFideId "8602980"]
[BlackFideId "2020009"]
[EventDate "2017.05.03"]

1. e4 e5 2. Nc3 Nc6 3. g3 Bc5 4. Bg2 d6 5. Nge2 a6 6. d3 Nge7 7. h3 O-O 8. Nd5
Nxd5 9. exd5 Nd4 10. Be3 Nxe2 11. Qxe2 Bxe3 12. fxe3 Qg5 13. Qf3 f5 14. O-O-O
Bd7 15. Rhf1 a5 16. a3 b5 17. b3 b4 18. a4 Rac8 19. Qf2 c5 20. Kd2 e4 21. Qf4
Qf6 22. dxe4 Qc3+ 23. Ke2 Qxc2+ 24. Rd2 Qxb3 25. Qxd6 Bxa4 26. Rxf5 Qc3 27. Qe6+
Kh8 28. Qb6 Bb3 29. d6 Bc4+ 30. Kd1 Qa1+ 31. Kc2 b3+ 0-1

[Event "chess.com Speed 3m+2spm 2017"]
[Site "chess.com INT"]
[Date "2017.08.24"]
[Round "1.15"]
[White "Caruana, Fabiano"]
[Black "Hou, Yifan"]
[Result "1-0"]
[WhiteTitle "GM"]
[BlackTitle "GM"]
[WhiteElo "2802"]
[BlackElo "2652"]
[WhiteFideId "2020009"]
[BlackFideId "8602980"]
[EventDate "2017.05.03"]

1. d4 Nf6 2. c4 e6 3. Nc3 Bb4 4. Nf3 b6 5. e3 Bb7 6. Bd3 O-O 7. O-O Bxc3 8. bxc3
Be4 9. Be2 d6 10. Ng5 Bb7 11. f3 c5 12. e4 Nbd7 13. Be3 Qe7 14. Qd2 h6 15. Nh3
Rad8 16. a4 cxd4 17. cxd4 e5 18. a5 exd4 19. Bxd4 Rfe8 20. Nf2 d5 21. cxd5 Nxd5
22. axb6 axb6 23. Ra7 Ba8 24. Bb5 N5f6 25. Bxf6 1-0

[Event "chess.com Speed 3m+2spm 2017"]
[Site "chess.com INT"]
[Date "2017.08.24"]
[Round "1.16"]
[White "Hou, Yifan"]
[Black "Caruana, Fabiano"]
[Result "0-1"]
[WhiteTitle "GM"]
[BlackTitle "GM"]
[WhiteElo "2652"]
[BlackElo "2802"]
[WhiteFideId "8602980"]
[BlackFideId "2020009"]
[EventDate "2017.05.03"]

1. e4 e5 2. Nf3 Nc6 3. Bb5 a6 4. Ba4 g6 5. c3 d6 6. d4 Bd7 7. O-O Bg7 8. Re1 Nf6
9. h3 O-O 10. Bc2 Re8 11. Nbd2 b6 12. Nf1 h6 13. Ng3 Qe7 14. Be3 Qf8 15. Qd2
Rad8 16. Rad1 Na7 17. Qc1 c5 18. d5 Nh7 19. Nh2 f5 20. exf5 gxf5 21. f4 e4 22.
Nh5 Bh8 23. Nf1 Qf7 24. Nfg3 Nc8 25. Rd2 Ne7 26. Qd1 Ng6 27. Nf1 Nf6 28. Nxf6+
Bxf6 29. Qh5 Qg7 30. Ng3 Nh4 31. Kh2 Kh8 32. Qe2 Rg8 33. Nh5 Qg6 34. Nxf6 Qxf6
35. Qf1 Rg7 36. c4 Rdg8 37. Ree2 Rg3 38. Bd1 Be8 39. Qe1 Qg7 40. Bg1 Rxh3+ 41.
Kxh3 Qg4+ 42. Kh2 Nf3+ 0-1